Interaction of Sodium Ions with Potassium Channels of Mollusc Neuronal Somatic Membrane

Bibliographic Details
Main Authors: Magura, I. S. (Author), Zachar, J. (Author), Prevarskaya, N. B. (Author)
Format: Article
Language:Slovak
English

MARC

LEADER 00000nab a2200000 a 4500
001 vtls010735682
003 SK-MaSNL
005 20260304190503.0
008 250709s1985 xo |||||||||||||||||slo|
035 |a (urnnbn)urn:nbn:sk:snk:ar-a05hyh 
035 |a (uuid)242522f1-fe4c-4e10-b81d-41bec3a78e87 
035 |a urn:nbn:sk:snk-ab3x9b 
040 |a SNKBUCL  |b slo  |c SNKBUCL  |e AACR2 
041 0 |a eng 
044 |a xo  |c SK 
100 1 |a Magura, I. S.  |4 aut  |9 1521606 
245 1 0 |a Interaction of Sodium Ions with Potassium Channels of Mollusc Neuronal Somatic Membrane  |c I. S. Magura, J. Zachar, N. B. Prevarskaya 
700 1 |a Zachar, J.  |4 aut  |9 955690 
700 1 |a Prevarskaya, N. B.  |4 aut  |9 1521607 
773 0 |t General physiology and biophysics : an international journal  |g Roč. 4, č. 1 (1985), s. 93-95 
850 |a Slovenská národná knižnica 
852 |a Slovenská národná knižnica 
958 |a article1 
958 |a OND 
958 |a EUIPO 
999 |c 3050521  |d 3052451